Normal view
MARC view
Entry Personal Name
001 - CONTROL NUMBER
- control field: 28229
003 - CONTROL NUMBER IDENTIFIER
- control field: ARRUPE
005 - DATE AND TIME OF LATEST TRANSACTION
- control field: 20170111150437.0
008 - FIXED-LENGTH DATA ELEMENTS
- fixed length control field: 170111|| aca||aabn | a|a d
040 ## - CATALOGING SOURCE
- Original cataloging agency: ARRUPE
- Transcribing agency: ARRUPE
100 ## - HEADING--PERSONAL NAME
- Personal name: Wear, Stephen.
670 ## - SOURCE DATA FOUND
- Source citation: Work cat.: (ARRUPE)0: Wear, Stephen., Informed consent :, 1993.